00911 2200313 4500001002100000005001500021035002000036007000300056008004100059020002200100082001400122084001600136100002800152245008900180250001700269300004200286500001100328650001200339700002900351504003400380264003500414336002100449337003000470338002300500040002200523850001200545990002000557990002000577INLIS00000000087122820220725121006 a0010-0722000358ta220725s2020 yoia g 1 ind d a978-602-313-030-604223a371.1 a371.1 THO b1 aThobroni, M.ePengarang10aBelajar & pembelajaran :bteori dan praktik /cM. Thobroni; penyunting, Meita Sandra aCetakan 2020 a384 halaman :btabel, gambar ;c24 cm aIndeks 4aBelajar0 aMeita SandraePenyunting aBibliografi : halaman 369-37231aSleman :bAr-Ruzz Media,c2020 2rdacontentateks 2rdamediaatanpa perantara 2rdacarrieravolume aYOPDYOGbinderda aYOPDYOG a44066-PD/B.2022 a44067-PD/B.2022